000 00600cam a22002293a 4500
001 3491
003 PGUSA
005 20140828083033.0
008 021001s2002||||xxu|||||s|||||000 1 eng d
040 _aPGUSA
_beng
042 _adc
050 4 _aPS
100 1 _aGatlin, Dana,
_d1884-1940
245 1 0 _aMissy
_h[electronic resource] /
_cDana Gatlin
260 _bProject Gutenberg,
_c2002
506 _aPublic domain in the USA.
516 _aElectronic text
653 _aGirls -- Fiction
830 0 _aProject Gutenberg
_v3491
856 4 0 _uhttp://www.gutenberg.org/ebooks/3491
942 _cEB
999 _c232820
_d232820